[Event "AUTO-MASTER-1622"]
[Site "http://www.queenalice.com/game.php?id=1132340"]
[Date "2012.12.18"]
[Round "2"]
[White "laurentb121"]
[Black "strutz"]
[Result "1-0"]
[WhiteElo "2388"]
[BlackElo "2370"]

1. e4 Nf6 2. e5 Nd5 3. d4 d6 4. c4 Nb6 5. exd6 cxd6 6. Nc3 g6 7. Be3 Bg7 8. Rc1
O-O 9. b3 Nc6 10. d5 Ne5 11. Be2 h5 12. f4 Ng4 13. Bd4 Bxd4 14. Qxd4 Nh6 15. Nf3
Nd7 16. O-O Nf5 17. Qd2 Qb6+ 18. Kh1 Nc5 19. Rfe1 a6 20. Bf1 Qc7 21. Nd4 Nxd4
22. Qxd4 a5 23. Re3 Bf5 24. g3 Rfe8 25. Rce1 Qd8 26. Bg2 b6 27. Ne4 Qd7 28. Ng5
Rac8 29. h3 f6 30. Ne6 b5 31. g4 hxg4 32. hxg4 Bxg4 33. Rg3 Bf5 34. Bh3 1-0

[Event "AUTO-MASTER-1622"]
[Site "http://www.queenalice.com/game.php?id=1132341"]
[Date "2012.12.18"]
[Round "2"]
[White "strutz"]
[Black "laurentb121"]
[Result "1/2-1/2"]
[WhiteElo "2359"]
[BlackElo "2399"]

1. e4 c5 2. c3 g6 3. d4 cxd4 4. Qxd4 Nf6 5. Be2 Nc6 6. Qe3 d5 7. e5 Ng4 8. Bxg4
Bxg4 9. Na3 Bg7 10. h3 Bf5 11. Nf3 Be4 12. O-O Bxf3 13. Qxf3 Nxe5 14. Qe2 O-O
15. Rd1 Nc6 16. Qb5 e6 17. Qxb7 Qc8 18. Qxc8 Rfxc8 19. Bf4 a6 20. Rab1 Na5 21.
Nc2 Nc4 22. Ne3 Ra7 23. Nxc4 Rxc4 24. g3 Rb7 25. h4 h5 26. Kg2 Bf6 27. Bg5 Bxg5
28. hxg5 Rg4 29. f4 h4 30. Rd3 hxg3 31. Kf3 Rh4 32. Kxg3 Rh5 33. Rd4 Kg7 34. Ra4
Rb6 35. a3 f6 36. gxf6+ Kxf6 37. Rb4 1/2-1/2

[Event "AUTO-MASTER-1622"]
[Site "http://www.queenalice.com/game.php?id=1132342"]
[Date "2012.12.18"]
[Round "2"]
[White "crono"]
[Black "strutz"]
[Result "0-1"]
[WhiteElo "2167"]
[BlackElo "2301"]

1. d4 Nf6 2. c4 g6 3. Nc3 d5 4. Nf3 Bg7 5. Qb3 dxc4 6. Qxc4 O-O 7. e4 c6 8. Be2
b5 9. Qb3 Qa5 10. e5 Be6 11. Qc2 Nd5 12. O-O Nd7 13. a3 Rac8 14. b4 Nxb4 0-1

[Event "AUTO-MASTER-1622"]
[Site "http://www.queenalice.com/game.php?id=1132343"]
[Date "2012.12.18"]
[Round "2"]
[White "strutz"]
[Black "crono"]
[Result "0-1"]
[WhiteElo "2340"]
[BlackElo "2149"]

1. e4 e5 2. Nf3 Nc6 3. d4 exd4 4. Nxd4 Nf6 5. Nxc6 bxc6 6. e5 Qe7 7. Qe2 Nd5 8.
c4 Ba6 9. b3 g6 10. Ba3 Qxa3 11. Nxa3 Bb4+ 12. Kd1 Nc3+ 13. Kc2 Nxe2 0-1

[Event "AUTO-MASTER-1649"]
[Site "http://www.queenalice.com/game.php?id=1133468"]
[Date "2012.12.21"]
[Round "3"]
[White "strutz"]
[Black "Ronsini"]
[Result "1-0"]
[WhiteElo "2322"]
[BlackElo "2324"]

1. e4 c5 2. Nc3 Nc6 3. f4 g6 4. Nf3 Bg7 5. Bc4 e6 6. O-O Nge7 7. Kh1 O-O 8. d3
d5 9. exd5 exd5 10. Bb3 Na5 11. Re1 Nxb3 12. axb3 Bg4 13. h3 Be6 14. d4 b6 15.
Be3 Nf5 16. Bf2 cxd4 17. Nxd4 Nxd4 18. Bxd4 Bxd4 19. Qxd4 Qd7 20. f5 gxf5 21.
Qe3 f4 22. Qe5 Rfe8 23. Qg5+ Kh8 24. Qf6+ Kg8 25. Re5 Qd8 26. Rg5+ Kf8 27. Qxf4
Qd7 28. Re1 d4 29. Ne4 Bxh3 30. Qf6 1-0

[Event "AUTO-MASTER-1649"]
[Site "http://www.queenalice.com/game.php?id=1133469"]
[Date "2012.12.21"]
[Round "3"]
[White "Ronsini"]
[Black "strutz"]
[Result "0-1"]
[WhiteElo "2337"]
[BlackElo "2309"]

1. e4 Nf6 2. e5 Nd5 3. d4 d6 4. c4 Nb6 5. exd6 cxd6 6. Nc3 g6 7. Nf3 Bg7 8. Be2
O-O 9. O-O e5 10. dxe5 dxe5 11. Qc2 Nc6 12. Rd1 Qe8 13. Nb5 Qe7 14. Bg5 f6 15.
Be3 e4 16. Nfd4 f5 17. Nxc6 bxc6 18. Nd6 Be6 19. Bd4 Rab8 20. Bxg7 Qxg7 21. Rd2
Qe5 22. Rad1 Nd7 23. b3 Nc5 24. Qb2 Qxb2 25. Rxb2 a5 26. Rc2 Rfd8 27. Rcd2 Rd7
0-1

[Event "AUTO-OPEN-2618"]
[Site "http://www.queenalice.com/game.php?id=1140215"]
[Date "2013.1.13"]
[Round "3"]
[White "strutz"]
[Black "R0ni"]
[Result "1-0"]
[WhiteElo "2348"]
[BlackElo "2647"]

1. e4 d5 2. exd5 Qxd5 3. Nc3 Qa5 4. d4 Nf6 5. Bc4 c6 6. Nf3 Bg4 7. O-O e6 8. Re1
Nbd7 9. Bf4 Ba3 10. Bc1 O-O 11. h3 Bh5 12. Bd3 Bd6 13. g4 Bg6 14. Bxg6 hxg6 15.
Qd3 c5 16. dxc5 Bxc5 17. g5 Nd5 18. Nxd5 exd5 19. Kg2 Rfe8 20. Qxd5 Rxe1 21. Bd2
Qxd2 22. Qxd2 Rxa1 23. Qxd7 Rf8 24. a3 Rc1 25. Qd2 Rb1 26. b4 Bb6 27. c4 Bc7 28.
Qd7 Bb8 29. Qxb7 Ra1 30. Qa6 Rd8 31. c5 Rad1 32. c6 Rc1 33. b5 Rc4 34. a4 Kf8
35. Qb7 Re8 36. a5 Rc5 37. b6 axb6 38. axb6 Bf4 39. Qd7 Re7 40. Qd8+ Re8 41. c7
Rc1 42. h4 Rc4 43. Nd4 Be5 44. Nb5 Bxc7 45. bxc7 Rxc7 46. Qxc7 Kg8 47. Nd6 Rf8
48. f4 1-0

[Event "AUTO-OPEN-2618"]
[Site "http://www.queenalice.com/game.php?id=1140216"]
[Date "2013.1.13"]
[Round "3"]
[White "R0ni"]
[Black "strutz"]
[Result "1-0"]
[WhiteElo "2640"]
[BlackElo "2344"]

1. d4 Nf6 2. Nf3 g6 3. c4 Bg7 4. Nc3 d5 5. Qb3 dxc4 6. Qxc4 O-O 7. e4 a6 8. Qb3
b5 9. e5 Be6 10. Qa3 Nd5 11. Bxb5 Nxc3 12. bxc3 Bd5 13. Be2 Nc6 14. O-O Qd7 15.
Be3 f6 16. c4 Be4 17. Nd2 Bf5 18. e6 Qd6 19. c5 Qd8 20. Qa4 Qe8 21. d5 Ne5 22.
c6 Qd8 23. Qd4 a5 24. Rac1 Rb8 25. Rc5 Rb4 26. Qc3 Bg4 27. Rxa5 Bxe2 28. Qxb4
Bxf1 29. Nxf1 f5 30. Rb5 1-0

[Event "AUTO-OPEN-2618"]
[Site "http://www.queenalice.com/game.php?id=1140217"]
[Date "2013.1.13"]
[Round "3"]
[White "strutz"]
[Black "Pagano"]
[Result "1-0"]
[WhiteElo "2368"]
[BlackElo "2023"]

1. e4 c6 2. d4 d5 3. e5 g6 4. Nc3 Bg7 5. Nf3 e6 6. Bd3 Nd7 7. h4 Ne7 8. h5 f5 9.
a4 c5 10. Ng5 Qb6 11. a5 Qc6 12. Bb5 1-0

[Event "AUTO-OPEN-2618"]
[Site "http://www.queenalice.com/game.php?id=1140218"]
[Date "2013.1.13"]
[Round "3"]
[White "Pagano"]
[Black "strutz"]
[Result "0-1"]
[WhiteElo "2040"]
[BlackElo "2355"]

1. e4 Nf6 2. Nc3 d5 3. e5 d4 4. exf6 dxc3 5. fxg7 cxd2+ 6. Bxd2 Bxg7 7. c3 O-O
8. Bc4 Bf5 9. Nf3 e6 10. O-O Nc6 11. Bg5 Bf6 12. Qxd8 Bxd8 13. Bh6 Re8 14. Bb5
Bf6 15. Rad1 Red8 16. Bxc6 bxc6 17. Bf4 Rxd1 18. Rxd1 Rb8 19. Nd4 Bxd4 20. Rxd4
Rxb2 21. g4 Bxg4 22. Bh6 f5 23. Kg2 Rxa2 24. Rd8+ Kf7 25. h3 Be2 26. Rd7+ Kg6
27. Bf4 Bc4 28. Rxc7 Bd5+ 29. Kg3 a5 30. Be5 Ra4 31. Ra7 h5 32. h4 Rg4+ 33. Kh3
f4 34. Rxa5 Kf5 35. Bd4 e5 36. c4 Bg2+ 37. Kh2 Ke4 38. Bxe5 Bf3 39. Bf6 Rg2+ 40.
Kh3 Rxf2 41. Rg5 Be2 0-1

[Event "helfried"]
[Site "http://www.queenalice.com/game.php?id=1142812"]
[Date "2013.1.20"]
[Round "4"]
[White "sergio_damian"]
[Black "strutz"]
[Result "0-1"]
[WhiteElo "1921"]
[BlackElo "2356"]

1. e4 Nf6 2. Nc3 d5 3. e5 d4 4. exf6 dxc3 5. fxg7 cxd2+ 6. Bxd2 Bxg7 7. c3 Nc6
8. Bb5 Qd6 9. Nf3 O-O 10. O-O Bg4 11. Be2 Rad8 12. Be3 Qxd1 13. Raxd1 a6 14. h3
Be6 15. a3 Bb3 16. Rxd8 Rxd8 17. Nh4 e5 18. Nf5 f6 19. Nxg7 Kxg7 20. Bf3 Na5 21.
Bc1 Rd6 22. Re1 h6 23. Kh2 b6 24. g4 Bc2 25. Be2 b5 26. Kg3 c5 27. Bf3 Nb3 28.
Be3 e4 29. Bg2 a5 30. Bf4 Re6 31. Re2 Bd3 32. Re1 c4 33. h4 Kg6 34. h5+ Kg7 35.
Bh1 Nc5 0-1

[Event "Prodal"]
[Site "http://www.queenalice.com/game.php?id=1147628"]
[Date "2013.2.1"]
[Round "-"]
[White "favos"]
[Black "strutz"]
[Result "0-1"]
[WhiteElo "2096"]
[BlackElo "2357"]

1. d4 Nf6 2. Bg5 Ne4 3. Bh4 g6 4. Nf3 Bg7 5. Qd3 d5 6. Nfd2 Nxd2 7. Nxd2 O-O 8.
e3 c5 9. c3 c4 10. Qc2 Nc6 11. b3 Bf5 12. e4 dxe4 13. Nxe4 Qd5 14. f3 b5 15.
bxc4 bxc4 16. g4 Bd7 17. Be2 e5 18. dxe5 Nxe5 19. Rd1 Qc6 20. Rd6 Qb5 21. Bf6
Be6 22. Bxg7 Kxg7 23. h4 Rfd8 24. h5 Rxd6 25. Nxd6 Qd5 26. Ne4 f5 27. h6+ Kh8
28. gxf5 Bxf5 29. Qd2 Bxe4 30. fxe4 Qxe4 31. O-O Qh4 32. Qd5 Qg3+ 33. Kh1 Re8
34. Qb7 Qh4+ 35. Kg2 Qg5+ 36. Kf2 Rf8+ 37. Ke1 Qc1+ 38. Bd1 Qxc3+ 39. Ke2 Qd3+
40. Ke1 Rxf1# 0-1

[Event "Challenge"]
[Site "http://www.queenalice.com/game.php?id=1152578"]
[Date "2013.2.16"]
[Round "-"]
[White "DDK"]
[Black "strutz"]
[Result "0-1"]
[WhiteElo "1466"]
[BlackElo "2357"]

1. e4 e6 2. Nf3 d5 3. e5 c5 4. d4 Qb6 5. c3 Bd7 6. b3 Bb5 7. Bxb5+ Qxb5 8. a4
Qa6 9. Na3 cxd4 10. Nxd4 Nd7 11. Bf4 Bxa3 12. Rxa3 Ne7 13. Nb5 Qc6 14. Nd6+ Kf8
15. b4 Ng6 16. Qd4 b6 17. b5 Qc5 18. Qxc5 Nxc5 19. Bg3 Nd3+ 20. Kd2 Ndxe5 21.
Re1 Nc4+ 22. Nxc4 dxc4 23. Re4 Ke7 24. Kc2 Rac8 25. Ra1 Rhd8 26. Rd1 Rxd1 27.
Kxd1 f6 28. Rd4 e5 29. Rd2 Ke6 30. Ke2 f5 31. h4 f4 32. Bh2 Nxh4 33. g3 fxg3 34.
Bxg3 Nf5 35. Bh2 g5 36. Kf3 h5 37. Ke4 Nd6+ 38. Ke3 Rf8 39. Re2 Rf5 40. f3 Nb7
41. Rb2 Rf8 42. Ke4 Nc5+ 43. Ke3 Rd8 44. Rb4 Rd3+ 45. Ke2 Rxc3 46. Bg3 Nd3 47.
Rb1 Nc5 48. Be1 Rb3 49. Rc1 Kd5 50. Kf2 Nd3+ 51. Ke2 Nxc1+ 0-1

[Event "Challenge"]
[Site "http://www.queenalice.com/game.php?id=1152579"]
[Date "2013.2.16"]
[Round "-"]
[White "strutz"]
[Black "DDK"]
[Result "1-0"]
[WhiteElo "2363"]
[BlackElo "1469"]

1. e4 e5 2. Nf3 Nc6 3. Bc4 h6 4. d4 d6 5. O-O Bg4 6. c3 Nf6 7. Bb5 Nxe4 8. dxe5
dxe5 9. Qa4 Bd7 10. Qxe4 Bd6 11. Nbd2 a6 12. Bc4 Qe7 13. Re1 Na5 14. Bf1 Bc6 15.
Qc2 O-O 16. b4 Bxf3 17. Nxf3 Nc6 18. Bb2 Rae8 19. Bd3 Qf6 20. Be4 a5 21. b5 Nb8
22. c4 c6 23. c5 Bc7 24. b6 Bd8 25. Nxe5 Qg5 26. Nf3 Qg4 27. Bf5 Qb4 28. Bc3
Qxc5 29. Bh7+ Kh8 30. Bxg7+ Kxg7 31. Qxc5 Kxh7 32. Qf5+ Kh8 33. Rxe8 Rxe8 34.
Qxf7 Rg8 35. Re1 Rg7 36. Qf8+ Kh7 37. Qxd8 Nd7 38. Re8 h5 39. Ng5+ Kh6 40. h4 c5
41. Re6+ 1-0

[Event "Esmuruga"]
[Site "http://www.queenalice.com/game.php?id=1154354"]
[Date "2013.2.22"]
[Round "-"]
[White "strutz"]
[Black "favos"]
[Result "1-0"]
[WhiteElo "2359"]
[BlackElo "2077"]

1. c4 Nf6 2. b3 g6 3. Bb2 Bg7 4. e4 d6 5. Nf3 Bg4 6. Be2 O-O 7. Qc2 Nc6 8. a3 e5
9. O-O a6 10. Rd1 Nd7 11. Nc3 Bxf3 12. Bxf3 Nd4 13. Qb1 Nxb3 14. Ra2 Nd4 15. Be2
f5 16. exf5 Rxf5 17. Bg4 Rf4 18. h3 Nc5 19. Nd5 Rf8 20. Bxd4 exd4 21. d3 Rb8 22.
Re2 b5 23. Ne7+ Kh8 24. Nc6 bxc4 25. Qxb8 Qxb8 26. Nxb8 Rxb8 27. dxc4 h5 28. Bf3
Be5 29. Bc6 Rb3 30. Ra2 Rc3 31. Bd5 Nd3 32. g3 Nc1 33. Rb2 d3 34. Rb8+ Kh7 35.
Rb7 Rc2 36. Rxc7+ Kh6 37. Kf1 d2 38. Rf7 Nb3 39. Ke2 Bc3 40. Kd3 Nd4 41. Bf3 Rc1
42. Be2 Nc6 43. f4 Nd4 44. g4 Nxe2 45. Kxe2 hxg4 46. hxg4 a5 47. Rd7 Bb2 48.
Rxd6 Rxc4 49. Kf3 Rc3+ 50. Kg2 Bxa3 51. Rh1+ Kg7 52. Rxd2 Rc4 53. Rf1 Bc1 54.
Rd7+ Kf6 55. Kg3 a4 56. g5+ Ke6 57. Rg7 Kf5 58. Rf7+ Ke4 59. Rf6 a3 60. Rxg6 a2
61. Ra6 Kf5 62. Ra5+ Kg6 63. Rxa2 1-0

[Event "helfried"]
[Site "http://www.queenalice.com/game.php?id=1167153"]
[Date "2013.4.1"]
[Round "5"]
[White "strutz"]
[Black "Kuarwaki"]
[Result "0-1"]
[WhiteElo "2351"]
[BlackElo "2643"]

1. e4 c5 2. c3 d6 3. f4 e6 4. Nf3 Nf6 5. Bb5+ Nbd7 6. Qe2 a6 7. Bxd7+ Nxd7 8.
O-O Be7 9. a4 O-O 10. d4 d5 11. e5 b6 12. Na3 Qc7 13. Nc2 cxd4 14. Ncxd4 Nc5 15.
Be3 Bd7 16. Qd1 b5 17. axb5 axb5 18. Nb3 Rxa1 19. Nxa1 b4 20. cxb4 Ne4 21. Qb3
Bb5 22. Rc1 Qb7 23. Qc2 Bxb4 24. Nb3 Ba4 25. Na5 Qb5 26. b3 Qxa5 27. bxa4 Bc3
28. Nd4 h6 29. Nb5 Bd2 0-1

[Event "Match #1"]
[Site "http://www.queenalice.com/game.php?id=1187950"]
[Date "2013.6.5"]
[Round "-"]
[White "favos"]
[Black "strutz"]
[Result "0-1"]
[WhiteElo "2051"]
[BlackElo "2364"]

1. d4 Nf6 2. Nf3 c5 3. Bg5 Ne4 4. Bh4 d5 5. Nbd2 Nxd2 6. Qxd2 c4 7. b3 cxb3 8.
cxb3 Nc6 9. e3 Qb6 10. Be2 Bf5 11. O-O e6 12. Bd3 Bxd3 13. Qxd3 Nb4 14. Qe2 f5
15. Ne5 g6 16. Bf6 Rg8 17. Nf3 h6 18. Rfc1 Bd6 19. a3 Nc6 20. b4 Kf7 21. Be5
Bxe5 22. Nxe5+ Nxe5 23. dxe5 Rac8 24. h3 a6 25. f3 Rc6 26. g4 Rgc8 27. Rf1 Rc2
28. Qd3 R8c3 29. Qd4 Qb5 30. Qd1 Qc4 31. e4 Rd3 32. Qe1 Qd4+ 33. Kh1 Qxe5 34. f4
Rxh3+ 35. Kg1 Qd4+ 0-1

[Event "Match #2"]
[Site "http://www.queenalice.com/game.php?id=1192683"]
[Date "2013.6.20"]
[Round "-"]
[White "favos"]
[Black "strutz"]
[Result "0-1"]
[WhiteElo "2033"]
[BlackElo "2358"]

1. Nf3 d5 2. c4 c6 3. Nc3 Nf6 4. e3 g6 5. d4 Bg7 6. Be2 O-O 7. O-O Bg4 8. Re1
Nbd7 9. Bd2 Re8 10. Rc1 e5 11. dxe5 Nxe5 12. Nxe5 Bxe2 13. Nxc6 Bxd1 14. Nxd8
Raxd8 15. Nxd1 dxc4 16. Bc3 b5 17. f3 Nd5 18. Bxg7 Kxg7 19. e4 Nb4 20. Nf2 Rd2
21. a4 a6 22. axb5 axb5 23. Ng4 Rxb2 24. Rb1 Nd3 25. Rxb2 Nxb2 26. Rb1 c3 27.
Ne3 b4 0-1

[Event "sorim1"]
[Site "http://www.queenalice.com/game.php?id=1196278"]
[Date "2013.7.2"]
[Round "4"]
[White "Lucius1"]
[Black "strutz"]
[Result "1-0"]
[WhiteElo "2390"]
[BlackElo "2367"]

1. c4 Nf6 2. Nc3 g6 3. g3 c6 4. Bg2 Bg7 5. e4 d6 6. Nge2 O-O 7. O-O Be6 8. b3
Na6 9. d4 Nc7 10. h3 Qc8 11. Nf4 Bd7 12. e5 Nfe8 13. Qe2 dxe5 14. dxe5 Ne6 15.
Nxe6 Bxe6 16. Ba3 Qc7 17. f4 Rd8 18. Rad1 Rxd1 19. Rxd1 Bh6 20. Qe3 a6 21. Qc5
Ng7 22. Qxe7 Qxe7 23. Bxe7 Re8 24. Bc5 Nf5 25. Ne4 Bg7 26. g4 Nh6 27. Nd6 Rb8
28. Nxb7 1-0

[Event "sorim1"]
[Site "http://www.queenalice.com/game.php?id=1205071"]
[Date "2013.8.4"]
[Round "5"]
[White "RAMIROCHE"]
[Black "strutz"]
[Result "0-1"]
[WhiteElo "1911"]
[BlackElo "2356"]

1. e4 e6 2. d4 d5 3. Nd2 dxe4 4. Nxe4 Bd7 5. Nf3 Bc6 6. Bd3 Nd7 7. c3 Be7 8. Bf4
Ngf6 9. Nxf6+ Bxf6 10. Bc2 g5 11. Bg3 g4 12. Nd2 Bxg2 13. Rg1 Bh3 14. Qe2 c6 15.
Nc4 Be7 16. Nd6+ Bxd6 17. Bxd6 Qa5 18. Bb3 Qf5 19. Bc2 Qd5 20. Ba3 O-O-O 21. Be4
Qa5 22. Rg3 f5 23. Bc2 f4 24. Rd3 Qd5 25. Bb3 Qh1+ 26. Kd2 Qxa1 27. Kc2 Qh1 28.
c4 g3 29. fxg3 Bf5 0-1

[Event "Então quer dizer que...?"]
[Site "http://www.queenalice.com/game.php?id=1239416"]
[Date "2013.12.12"]
[Round "-"]
[White "favos"]
[Black "strutz"]
[Result "0-1"]
[WhiteElo "1958"]
[BlackElo "2360"]

1. e4 e6 2. d4 d5 3. e5 c5 4. Nf3 Qb6 5. Be2 Nc6 6. c3 cxd4 7. cxd4 Bb4+ 8. Nc3
Nge7 9. O-O h5 10. Na4 Qd8 11. a3 Ba5 12. Bg5 a6 13. b4 Bc7 14. Ne1 g6 15. Bf6
Rg8 16. Nf3 b6 17. Rc1 Bb7 18. Ng5 Qd7 19. b5 Na5 20. bxa6 Bxa6 21. Bxa6 Rxa6
22. Qc2 Nc4 23. Nb2 b5 24. Nd3 Bb6 25. Bxe7 Qxe7 26. Nb4 Rxa3 27. Nh7 Qxb4 28.
Nf6+ Kf8 29. Nxg8 Kxg8 30. Rb1 Qa4 31. Qc1 Bxd4 32. Qg5 Bxe5 33. Qd8+ Kg7 34.
Rfe1 Bf6 35. Qc7 Rb3 36. Rbd1 Qb4 37. Rxe6 Rb1 38. Rf1 Rxf1+ 39. Kxf1 Nd2+ 40.
Ke2 Ne4 41. Rc6 Qd2+ 0-1

[Event "Justamente"]
[Site "http://www.queenalice.com/game.php?id=1258779"]
[Date "2014.2.21"]
[Round "-"]
[White "strutz"]
[Black "favos"]
[Result "0-1"]
[WhiteElo "2361"]
[BlackElo "1998"]

1. e4 e5 2. Bc4 Nf6 3. d3 Nc6 4. Nc3 Bb4 5. Bg5 d6 6. Qd2 O-O 7. Nf3 Nd4 8. a3
Bxc3 9. Qxc3 Nxf3+ 10. gxf3 h6 11. Bh4 Be6 12. O-O-O Nxe4 13. dxe4 Qxh4 14. Bxe6
fxe6 15. Qxc7 Qxf2 16. Qxd6 Rac8 17. Qxe6+ Kh8 18. c3 Qxf3 19. Rhe1 Qf4+ 20. Rd2
Rfd8 21. Re2 Rxd2 0-1

[Event "É pq né"]
[Site "http://www.queenalice.com/game.php?id=1295696"]
[Date "2014.7.18"]
[Round "-"]
[White "favos"]
[Black "strutz"]
[Result "1/2-1/2"]
[WhiteElo "2027"]
[BlackElo "2338"]

1. c4 e5 2. Nc3 c6 3. Nf3 Qc7 4. d4 d6 5. dxe5 dxe5 6. g3 Bg4 7. Bg2 Bxf3 8.
Bxf3 Nd7 9. O-O h5 10. a3 h4 11. b4 hxg3 12. fxg3 Ngf6 13. b5 Bc5+ 14. Kg2 Rd8
15. Bg5 Bd4 16. Qc2 Nc5 17. Rad1 Qc8 18. h4 Ne6 19. Ne4 Nxe4 20. Bxd8 Nxg3 21.
Kxg3 Qxd8 22. Rh1 Qf6 23. Qe4 Nc5 24. Qg4 e4 25. Qc8+ Ke7 26. Qc7+ Ke8 27. Rxd4
Qxd4 28. Bg4 Qe3+ 29. Kg2 Rh6 30. Qe5+ Kf8 31. Rd1 Kg8 32. Rd8+ Kh7 33. Bf5+
Rg6+ 34. Bxg6+ fxg6 35. Kf1 Qh3+ 36. Kg1 Qg4+ 37. Kf1 Qh3+ 38. Kg1 Qg4+ 39. Kh1
Qh3+ 40. Qh2 Qf1+ 1/2-1/2

[Event "the last one"]
[Site "http://www.queenalice.com/game.php?id=1325061"]
[Date "2014.11.28"]
[Round "-"]
[White "favos"]
[Black "strutz"]
[Result "0-1"]
[WhiteElo "2055"]
[BlackElo "2329"]

1. Nf3 Nf6 2. d4 b6 3. c4 Bb7 4. e3 g6 5. Nc3 d6 6. Be2 Bg7 7. O-O O-O 8. b3
Nbd7 9. Bb2 e6 10. Rc1 d5 11. Nd2 Ne8 12. cxd5 exd5 13. Bf3 Ndf6 14. Re1 Nd6 15.
Qc2 Re8 16. Ba3 Nde4 17. Bxe4 dxe4 18. Nb5 a6 19. Nc3 Rc8 20. Ne2 Bf8 21. Bb2
Bb4 22. Nc3 Bxc3 23. Bxc3 Qd5 24. Nc4 Nd7 25. Qe2 h5 26. Na3 Nb8 27. Nc2 a5 28.
b4 Ba6 29. Qd2 a4 30. Na3 Bd3 31. Ba1 Re6 32. Rc3 c6 33. Rec1 f5 34. Nc4 Bxc4
35. Rxc4 Nd7 36. b5 Nf6 37. Rxa4 Qxb5 38. Rb4 Qa5 39. Bc3 Nd5 40. Rc4 Qa6 41.
Bb4 f4 42. R4c2 fxe3 43. fxe3 Qd3 44. Rb1 Qxe3+ 45. Qxe3 Nxe3 46. Re2 Nd5 47.
Be1 Ra8 48. Rb3 Ra4 49. Bf2 Kf7 50. g3 Ke7 51. Kg2 Kd6 52. Rc2 e3 0-1